000 00328nam a22001217a 4500
020 _a0321245660
082 _222
_a005.133
100 _aWagnes, Bill.
245 _aEffective C# :
_b50 specific ways to improve your C# /
260 _aBoston,
_bAddison Wesley,
_cc2005.
300 _axviii, 307p. ;
_bill. ;
_c23 cm.
942 _2ddc
_cIT
999 _c2097
_d2097